000 00730nam a22002297a 4500
003 UA-OsUOA
001 112872
007 ta
008 20150804b un ||||| |||| 00| 0 ukr d
100 _aГораль Л.Т.
700 _aМацук З. А.
090 _a330(477)
_bГ67
942 _cSA
040 _aUA-OsUOA
_bukr
_cUA-OsUOA
_dUA-OsUOA
245 _aАналітична оцінка інноваційної діяльності фінансових установ на ринку фінансових послуг
300 _aС.72-83
955 _a0
041 _aukr
080 _a330(477)
773 0 _w112867
_tФінанси України
_dК.
_d2015
_g6
650 7 _a330 Економіка взагалі
_2UDC
999 _c399298
_d399298